000 00365nam a2200157Ia 4500
008 151213s9999 xx 000 0 und d
100 _aC.Mc.Goman
245 _aNotes of Robinson Crusoe
_cC.Mc.Goman
250 _a1st
260 _aCalcata
_bKalyami
_c1992
300 _a2512 p.
650 _aEnglish
650 _aEnglish
700 _aC.Mc.Goman
999 _c1711
_d1711